000 00613nam a2200193Ia 4500
003 IN-BaIIA
008 211028s9999 xx 000 0 eng d
020 _a0-12-147701-0
040 _cIIA Library
080 _a535.32
_bBUT
100 _aButton, K. J.
_911591
245 0 _aInfrared and millimeter waves
_bvol.1. sources of radiation
_cK. J. Button
260 _aNew York
_bAcademic Press
_c1979
300 _axiv, 338p.
650 _aAstronomy and Astrophysics Thesaurus
650 _aInfrared Sources
_99378
650 _aMillimeter Waves
_911592
942 _cBK
999 _c6765
_d6765